Представление документа в формате RUSMARC

ПолеНазваниеЗначение
  Тип записи a
  Библиографический уровень m
001 Контрольный номер RU/ГПНТБ России/KNIGADB/67.400.11/Б 12-860577318
005 Дата корректировки 20230111114424.3
010 Индекс ISBN __
a ISBN 978-5-17-127423-8
b Уточнения в пер.
9 Тираж 10000 экз.
d Цена 356-83; 375-10
100 Данные общей обработки __
a Данные общей обработки 20210730d2020 c y0rusy028902 ca
101 Язык документа 0_
a Язык текста rus
102 Страна публикации __
a Страна публикации RU
105 Кодированные данные (монография) __
a Кодированные данные (монография) a g 000yy
181 Поле кодированных данных: вид содержания _0
a Код вида содержания (ISBD) i
182 Поле кодированных данных: тип средства _0
a Код типа средства (ISBD) n
200 Заглавие и сведения об ответственности 1_
a Заглавие Конституция Российской Федерации с поправками 2020 для детей
f Первые сведения об ответственности М. Бабенко
g Последующие сведения об ответственности художники А. Кривогина, Н. Лукина
203 Вид содержания и тип средства __
a Вид содержания Текст
c Тип средства непосредственный
210 Выходные данные 1_
a Место издания Москва
c Издательство АСТ
d Дата издания 2020
215 Физическое описание __
a Объем 91, [2] с.
c Иллюстрации/тип воспроизводства цв. ил.
d Формат 22 см
225 Серия 2_
a Серия Просто самое важное
300 Общие примечания __
a Общие примечания Авторы указаны в макете и выпускных данных
330 Аннотация __
a Аннотация Книга, которую ты держишь в руках, рассказывает о Конституции нашей страны. Это основной закон, по которому живут общество и государство. Мы постарались рассказать о том, какие права и свободы есть у граждан России, как устроено общество и власть, кто управляет страной и отвечает за благополучие детей и взрослых. Кроме того, в книге даны поправки, которые по инициативе Президента вынесены на всенародное голосование. Разобраться в этих сложных вопросах поможет эта книга.
605 Заглавие как предмет __
a Заглавие Конституция Российской Федерации : [с поправками 2020 г.]
2 Код системы nlr_sh
606 Тематические рубрики __
a Основная рубрика Право
2 Код системы nlr_sh
606 Тематические рубрики __
a Основная рубрика Конституции и документы конституционного значения. Органы конституционного контроля
y Географическая подрубрика Россия
z Хронологическая подрубрика 21 в.
2 Код системы nlr_sh
610 Ключевые слова 1_
a Ключевые слова конституционное право
610 Ключевые слова 1_
a Ключевые слова конституционный строй
610 Ключевые слова 1_
a Ключевые слова права человека
610 Ключевые слова 0_
a Ключевые слова свободы человека
610 Ключевые слова 1_
a Ключевые слова федеративное устройство
610 Ключевые слова 1_
a Ключевые слова президенты
610 Ключевые слова 1_
a Ключевые слова органы власти
610 Ключевые слова 1_
a Ключевые слова правительства
610 Ключевые слова 1_
a Ключевые слова судебная власть
610 Ключевые слова 1_
a Ключевые слова прокуратура
610 Ключевые слова 1_
a Ключевые слова местное самоуправление
610 Ключевые слова 0_
a Ключевые слова конституции
610 Ключевые слова 0_
a Ключевые слова институт президентства
610 Ключевые слова 0_
a Ключевые слова демократия
610 Ключевые слова 0_
a Ключевые слова детская литература
610 Ключевые слова 0_
a Ключевые слова правовые знания
610 Ключевые слова 0_
a Ключевые слова правовое просвещение
686 Индексы других классификаций __
2 Код системы rubbks
a Классификационный индекс ст67.400
700 Автор _1
a Фамилия Бабенко
b Имя М. Е.
g Полное личное имя Марина Е.
4 Код отношения 070
702 Вторичная интеллектуальная ответственность _1
a Фамилия Кривогина
b Имя А.
g Полное личное имя Анастасия
4 Код отношения 440
702 Вторичная интеллектуальная ответственность _1
a Фамилия Лукина
b Имя Н. Г.
g Полное личное имя Наталья Германовна
f Даты 1989-
4 Код отношения 440
801 Источник записи _0
b Организация ГПНТБ России
a Страна RU
c Дата составления 20210730
g Правила каталогизации PSBO
801 Источник записи _1
b Организация ГПНТБ России
a Страна RU
c Дата составления 20210730
g Правила каталогизации PSBO
852 Данные о местонахождении 5_
j Шифр хранения ст67.400
i Авторский знак Б 12
900 Макрообъекты __
a Макрообъекты Конституция Российской Федерации с поправками 2020 для детей, 2020
901 Тип документа __
a Ответственный КиК/Котельникова; КиК/Обаева
t Тип документа m
903 Характеристики (МАРС) __
a Дата передачи 20220727; 20210730
c Наименование библиотеки (МАРС) Муниципальное бюджетное учреждение культуры "Централизованная библиотечная система" г. Сургут (Центральная городская библиотека им. А. С. Пушкина)
969 Тип издания __
a Тип издания научно-популярное издание
a Тип издания издание для детей
990 Данные о заказе (DOS) __
j Количество экземпляров (DOS) 9; 6
t N записи в КСУ для И/У (DOS) 202208; 202108